00506nam a22001577a 4500003001000000005001700010008004100027020001500068040000900083082001500092100004500107245010500152260005800257300002100315650001200336NUST-PNEC20170116180744.0150115b xxu||||| |||| 00| 0 eng d a9698383018 cPNEC a153.94 PBP aPBP (Professional Business Publications) aCA Exams study text : Foundation examination-1 paper 1 communication and behavioural studies (vol.2) aLahore :bProfessional Business Publications,cc1996. a429 p. :c30 cm. xGeneral